Vista normal
Vista MARC
Entrada Materia (personas)
Número de registros utilizados en: 1
001 - CONTROL NUMBER
- control field: 94344
003 - CONTROL NUMBER IDENTIFIER
- control field: Co-BoUCM
005 - DATE AND TIME OF LATEST TRANSACTION
- control field: 20181106091050.0
008 - FIXED-LENGTH DATA ELEMENTS
- fixed length control field: 181106|| aca||aabn | a|a d
040 ## - CATALOGING SOURCE
- Original cataloging agency: Co-BoUCM
- Transcribing agency: Co-BoUCM
100 ## - HEADING--PERSONAL NAME
- Personal name: Debord, Guy
- Dates associated with a name: 1931-1994
- General subdivision: Crítica e interpretación
670 ## - SOURCE DATA FOUND
- Source citation: Work cat.: (Co-BoUCM)310236: Jappe, Anselm 94342, Guy Debord, 1998